000 00909nam a2200265 i 4500
001 175409
003 ES-MaACL
005 20231221211903.0
007 t|
008 101027s1973 sp o r ||||1| spa d
020 _a84-369-0274-2
080 _a78 Segovia, Andrés
080 _a929 Segovia, Andrés
100 1 _aUsillos, Carlos.
_9143735
245 1 0 _aAndrés Segovia /
_cCarlos Usillos.
260 _a[Madrid :
_bDirección General de Bellas Artes,
_c1973]
300 _a139 p. :
_bfot. bl. y n. ;
_c17 cm.
490 1 _aArtistas españoles contemporáneos. Músicos ;
_v65
504 _aBibliografía: p. 133.
600 1 7 _aSegovia, Andrés,
_d1893-1987
_2embne
_9105142
710 1 _aEspaña.
_bDirección General de Bellas Artes.
_93704
830 0 _aArtistas españoles contemporáneos. Músicos ;
_v65
_9184415
852 _aES-MaACL
_j2261-F-65
_xOlim P-1916
999 _c175409
_d175409